LIBRARY & INFORMATION CENTRE, KCAET, TAVANUR

ONLINE PUBLIC ACCESS CATALOGUE (OPAC)

Normal view MARC view
  • Human resource management

Entry Topical Term

Number of records used in: 3

001 - CONTROL NUMBER

  • control field: 3244

003 - CONTROL NUMBER IDENTIFIER

  • control field: OSt

005 - DATE AND TIME OF LATEST TRANSACTION

  • control field: 20180727113738.0

008 - FIXED-LENGTH DATA ELEMENTS

  • fixed length control field: 180727|| aca||aabn | a|a d

040 ## - CATALOGING SOURCE

  • Original cataloging agency: OSt
  • Transcribing agency: OSt

150 ## - HEADING--TOPICAL TERM

  • Topical term or geographic name as entry element: Human resource management

670 ## - SOURCE DATA FOUND

  • Source citation: Work cat.: (OSt)30: Ravishankar, S . 3243, Management of human resources in public enterprises / , 1985.
free website counter